Normal view MARC view
  • Aḥmad K̲h̲ān̲, Sayyid,

Entry Personal Name

Number of records used in: 3

001 - CONTROL NUMBER

  • control field: 12816

003 - CONTROL NUMBER IDENTIFIER

  • control field: NUST

005 - DATE AND TIME OF LATEST TRANSACTION

  • control field: 20181229103311.0

008 - FIXED-LENGTH DATA ELEMENTS

  • fixed length control field: 181229|| aca||aabn | a|a d

040 ## - CATALOGING SOURCE

  • Original cataloging agency: NUST
  • Transcribing agency: NUST

100 ## - HEADING--PERSONAL NAME

  • Personal name: Aḥmad K̲h̲ān̲, Sayyid,
  • Titles and other words associated with a name: Sir,
  • Dates associated with a name: 1817-1898.

670 ## - SOURCE DATA FOUND

  • Source citation: Work cat.: (NUST)0: Graham, George Farquhar Irving, 1840- 12815, The life and work of Sir Syed Ahmed Khan /, 1979.
© 2023 Central Library, National University of Sciences and Technology. All Rights Reserved.